| 000 | 00373cam a22001451 4500 | ||
|---|---|---|---|
| 082 |
_a532 _bPAR _cD |
||
| 100 | 1 |
_aParadise, R S _939960 |
|
| 245 | 1 | 0 | _aProblems in hydraulics. |
| 260 |
_aLondon, _bBlackie, _c1952. |
||
| 300 |
_a342 p. _billus. _c21 cm. |
||
| 526 |
_a0 _b0 _c0 _d532_000000000000000_PAR |
||
| 650 | 0 | _aHydraulics. | |
| 650 | 0 |
_aMCE _9379 |
|
| 942 |
_2ddc _cBK |
||
| 999 |
_c544341 _d544341 |
||